| 000 | 01213cam a22001814a 4500 | ||
|---|---|---|---|
| 005 | 20250605164403.0 | ||
| 008 | 250528s ||||||||||||||||||||||||d | ||
| 035 | _a24676 | ||
| 040 |
_aGR-AtMCL _bgre _dGR-AtMCL _eAACR2 |
||
| 245 | 1 | _aΜελέτη Ε.Β.Ε.Α. 5G: Η Περίπτωση της Ελλάδας | |
| 260 |
_bΕμπορικό Και Βιομηχανικό Επιμελητήριο Αθηνών, _c2021 |
||
| 300 | _a64 | ||
| 520 | _aΝέο Πρόγραμμα Επιδότησης Επιχειρηματικών Δανείων 'Γέφυρα 2', ΦΑΟΣ 8 ή αλλιώς Απέραντο Φως, Ποιών Επιχειρήσεων τα Δάνεια θα Επιδοτούνται για 8 Μήνες, Η Ευρώπη Ετοιμάζεται για τα Πρώτα Χρήματα του Ταμείου Ανάκαμψης, Δίκτυα Διανομής Φυσικού Αερίου σε Επτά Περιφέρειες της Χώρας, Α.Α.Δ.Ε.: Κλειδάριθμος χωρίς Μετάβαση στην Εφορία, Η Ώρα του Τραμ στον Πειραιά. | ||
| 700 | 1 |
_aΜίχαλος Κωνσταντίνος _94319 |
|
| 942 | _cCR | ||
| 999 |
_c9543 _d9543 |
||